000 00415nam a2200133 a 4500
001 000040974
005 20201002034523.0
008 130912s1987 xxua 000 0 eng d
040 _aDO-SdBNP
_beng
_cBNPHU
082 _axxxxxx
_bxxxxxx
245 0 0 _aThe audubon society field guide to north american fishes, whales, and dolphins.
260 _aNew York :
_bAlfred A. Knopf,
_c1987.
300 _a848 p. :
_bil. ;
_c19 cm.
999 _c40464
_d40464